North Korea journal

Bibliographic Details
Main Author: Palin, Michael
Format: Book
Published: London : Hutchinson , 2019
Subjects:

MARC

LEADER 00000cam a2200000 7i4500
001 0000278986
005 20210311102327.0
020 |a 9781786331908 
090 0 0 |a 951.93   |b PAL 
100 1 |a Palin, Michael 
245 1 0 |a North Korea journal   |c Michael Palin 
260 |a London :   |b Hutchinson ,   |c 2019 
300 |a 170p. ;   |c 22cm. 
600 1 0 |a Palin, Michael   |x Travel 
650 0 |a Autogbiography : general 
650 0 |a Photographic reportage 
999 |a 00386004   |b BUKU   |c PINJAMAN   |e PERPUSTAKAAN KOMUNITI CAW BANDAR UTAMA